New Orleans Pelicans Leading Rebounder per year - Statistics

General Stats
  • This quiz has been taken 18 times
    15 since last reset
  • The average score is 15 of 22
Answer Stats
Year Player % Correct
2019 Anthony Davis
100%
2016 Anthony Davis
100%
2015 Anthony Davis
100%
2014 Anthony Davis
100%
2013 Anthony Davis
100%
2018 DeMarcus Cousins
89%
2017 DeMarcus Cousins
89%
2024 Jonas Valančiūnas
89%
2023 Jonas Valančiūnas
89%
2022 Jonas Valančiūnas
89%
2012 Emeka Okafor
78%
2011 Emeka Okafor
78%
2010 Emeka Okafor
78%
2006 David West
67%
2021 Steven Adams
56%
2009 Tyson Chandler
44%
2008 Tyson Chandler
44%
2007 Tyson Chandler
44%
2005 P.J. Brown
33%
2003 P.J. Brown
33%
2004 Jamaal Magloire
22%
2020 Derrick Favors
11%
No matching quizzes found
Score Distribution
Percent of People with Each Score
Percentile by Number Answered
Your Score History
You have not taken this quiz since the last reset